| 000 | 00543cam a22001814a 4500 | ||
|---|---|---|---|
| 020 | _a1402012977 (alk. paper) | ||
| 040 | _cDLC | ||
| 082 | 0 | 0 | _a551 ALS 2003 C162 Or. |
| 100 | 1 | _aRao, A. Ramachandra | |
| 245 | 1 | 0 | _aNonstationarities in hydrologic and environmental time series / |
| 260 |
_aDordrecht ; _aBoston : _bKluwer Academic Publishers, _cc2003. |
||
| 300 |
_axxvi, 362 p. : _bill. ; _c25 cm. |
||
| 650 | 0 | _aHydrology | |
| 650 | 0 | _aTime series analysis. | |
| 700 | 1 | _aHamed, Khaled H. | |
| 700 | 1 | _aChen, Huey-Long. | |
| 942 | _cAEDBB | ||
| 999 |
_c19289 _d19289 |
||